| 000 | 00387nam a22001577a 4500 | ||
|---|---|---|---|
| 999 |
_c196206 _d196206 |
||
| 005 | 20230606154336.0 | ||
| 010 | _aB-680733 | ||
| 020 | _c475.00 | ||
| 035 | _aB-680733 | ||
| 082 | _a000 | ||
| 245 | _aUGC NET/SLET Tourism / | ||
| 260 |
_aDelhi _bPansy Books |
||
| 270 |
_aSomesh Vihar,Chhawla, _bDelhi _e110071 |
||
| 300 |
_avp. _c22cm |
||
| 942 |
_2ddc _cEN _mUGC _h000 |
||